000 00708nam a2200205Ia 4500
003 GCL
008 140319s9999 xx 000 0 ara d
040 _aGCL /
_cGCL
082 0 4 _aش ف
_b791.43
_bس ص
100 1 _aسعيد محمد
245 1 0 _aصمت الخرفان ( شرائط فيديو) /
_cسعيد محمد
700 1 _aعمران على
260 _aالقاهرة :
_bبيزا للانتاج والتوزيع الفنى
300 _a1 شريط فيديو:
_bلو ؛
_c1\2 بوصة
650 0 4 _aالافلام السينمائية
650 0 4 _aالافلام العربية
650 0 4 _aالافلام الاجتماعية
650 0 4 _aالفيديو، أشرطة
942 _2ddc
_cVM
999 _c4276
_d4276